| 000 | 00822nas a2200265 i 4500 | ||
|---|---|---|---|
| 001 | 671 | ||
| 003 | ES-MaACL | ||
| 005 | 20250807062529.0 | ||
| 007 | t| | ||
| 008 | 950801d19231953sp m| | 1 ||pa d | ||
| 080 | _a460 | ||
| 245 | 0 | 0 |
_aClínica y laboratorio _b: revista española de medicina y cirugía / _cpor Ricardo Horno Alcorta y otros. |
| 260 |
_aZaragoza : _b[Imp. Industrias Gráficas Uriarte], _c1923-1953. |
||
| 300 |
_a6 v. : _bgrab. ; _c25 cm. |
||
| 310 | _aMensual | ||
| 362 | 0 | _aAño I (1923)-(1953) | |
| 650 | 1 | 7 |
_aMedicina _2embne _914891 |
| 655 | 7 |
_2tgfbne _9226866 _aRevistas |
|
| 700 | 1 |
_aHorno Alcorta, Ricardo, _964230 |
|
| 852 |
_aES-MaACL _jHEM-H-27 _dOlim: HEM-1086 _cHEM |
||
| 866 | 0 | _o1926-1928 | |
| 942 |
_2udc _cPERIODICA |
||
| 999 |
_c671 _d671 |
||